000 01189nam a2200361 a 4500
001 000110229
003 CHAP
005 20220329144123.0
008 140804s2013 mx ad |r| |||0|||spa d
010 _a106691
011 _a107663
020 _a9786071203274
040 _cCHAP
082 0 4 _a633.74
_bD54
100 0 0 _aDíaz José, Oscar.
_933523
245 1 3 _aEl cacao (theobroma cacao L.) :
_bAvances y retos en la gestión de la innovación /
_cpor Ósacar Díaz José, Victor Hugo Porras Umaña y Jorge Aguilar Ávila.
260 _aChapingo, Méx. :
_bUACH.,
_c2013.
300 _a136 p. :
_bil., gráfs.
490 0 _aColección Trópico húmedo
590 _aE5652GLJ
_b05
_c20140804
_lUCH01
_h1452
590 _aE5652GLJ
_b05
_c20140805
_lUCH01
_h0833
650 1 4 _aCacao
_xCostos de producción.
_916935
650 1 4 _aCacao
_xMercadeo.
_916956
650 1 4 _aCacao
_xProducción.
_9124846
650 1 4 _aCacao
_xPropagación.
_916968
650 1 4 _aCacao
_xRendimiento.
_916970
700 0 _aAguilar Avila, Jorge.
_92652
700 1 _aPorras Umaña, Víctor Hugo
_9127677
830 0 _aColección Trópico húmedo
_9127657
901 _aBK
942 _cLIBRO
942 _n0
999 _c106691
_d106691